000 00345cam a22001217a 4500
008 180718b1946 xxu||||| |||| 00| 0 eng d
082 _aT1 Ab27m
245 _aMasterworks of economics:digest of 10 great classics
_cedited by L.D. Abbott
260 _aNew York
_bDoubledav
_c1946
300 _a754p.
650 _aEconomics
700 _aAbbott, L.D.
999 _c477778
_d477778